|
|
|
|
| LEADER |
00000nam0a2200000 4500 |
| 001 |
131456 |
| 005 |
20260205095144.0 |
| 035 |
|
|
|a (RuTPU)RU\TPU\book\142380
|
| 090 |
|
|
|a 131456
|
| 100 |
|
|
|a 20080218d1983 m y0rusy5003 ca
|
| 101 |
0 |
|
|a rus
|
| 102 |
|
|
|a RU
|
| 105 |
|
|
|a a z 000ay
|
| 200 |
1 |
|
|a Для тебя, Россия
|e Повести
|f А. И. Алдан-Семенов
|g худож. В. Лукашов
|
| 210 |
|
|
|a Москва
|c Современник
|d 1983
|
| 215 |
|
|
|a 320 с.
|c портр., ил.
|d 20 см
|
| 600 |
|
1 |
|a Черский
|b Иван Дементьевич
|
| 600 |
|
1 |
|a Семенов-Тян-Шанский (Семенов)
|b П. П.
|c российский географ
|c статистик
|f 1827-1914
|g Петр Петрович
|2 stltpush
|3 (RuTPU)RU\TPU\pers\11503
|9 2697
|
| 606 |
|
|
|a Русская литература современная
|9 50316
|
| 610 |
1 |
|
|a советская литература
|
| 610 |
1 |
|
|a Север
|
| 610 |
1 |
|
|a географические открытия
|
| 610 |
1 |
|
|a географические исследования
|
| 610 |
1 |
|
|a 19 век
|
| 675 |
|
|
|a Р2
|v 3
|
| 700 |
|
1 |
|a Алдан-Семенов
|b А. И.
|g Андрей Игнатьевич
|4 070
|
| 702 |
|
1 |
|a Лукашов
|b В.
|4 440
|
| 801 |
|
0 |
|a RU
|b RuMRKP
|c 19950704
|g psbo
|
| 801 |
|
1 |
|a RU
|b 63413507
|c 20080218
|g PSBO
|
| 801 |
|
2 |
|a RU
|b 63413507
|c 20080218
|g PSBO
|
| 942 |
|
|
|c BK
|